Лоренцо Медичи и поэты его круга (Запись № 10354626)
[ простой вид ]
| 000 -МАРКЕР | |
|---|---|
| контрольное поле | 02050nam0a2200445 i 4500 |
| 001 - ИДЕНТИФИКАТОР ЗАПИСИ | |
| контрольное поле | RU\NLR\BIBL_A\010555045 |
| 005 - ИДЕНТИФИКАТОР ВЕРСИИ | |
| контрольное поле | 20260406062610.0 |
| 010 ## - МЕЖДУНАРОДНЫЙ СТАНДАРТНЫЙ НОМЕР КНИГИ (ISBN) | |
| Номер (ISBN) | 9785917631448 |
| 035 ## - ДРУГИЕ СИСТЕМНЫЕ НОМЕРА | |
| Идентификатор записи | (NILC)LIBNET\0000374798 |
| 035 ## - ДРУГИЕ СИСТЕМНЫЕ НОМЕРА | |
| Идентификатор записи | RU/KIROV/BIBL/0000487686 |
| 035 ## - ДРУГИЕ СИСТЕМНЫЕ НОМЕРА | |
| Идентификатор записи | (NLR Aleph) 010555045 |
| 100 ## - ДАННЫЕ ОБЩЕЙ ОБРАБОТКИ | |
| Данные общей обработки | 20141203d2013 um y0rusy50 ca |
| 101 1# - ЯЗЫК РЕСУРСА | |
| Язык текста, звукозаписи и т.д. | русский |
| Язык оригинала | итальянский |
| 102 ## - СТРАНА ПУБЛИКАЦИИ ИЛИ ПРОИЗВОДСТВА | |
| Страна публикации | Российская Федерация |
| 105 ## - ПОЛЕ КОДИРОВАННЫХ ДАННЫХ: ТЕКСТОВЫЕ МАТЕРИАЛЫ, МОНОГРАФИЧЕСКИЕ | |
| Кодированные данные о монографическом текстовом документе | y|||z||||00gy |
| 200 1# - ЗАГЛАВИЕ И СВЕДЕНИЯ ОБ ОТВЕТСТВЕННОСТИ | |
| Основное заглавие | Лоренцо Медичи и поэты его круга |
| Сведения, относящиеся к заглавию | [избранные стихотворения и поэмы] |
| Первые сведения об ответственности | перевод [с итал., предисл., коммент.] Александра Триандафилиди |
| 210 ## - ПУБЛИКАЦИЯ, РАСПРОСТРАНЕНИЕ И ДР. | |
| Место издания, распространения и т.д. | Москва |
| Имя издателя, распространителя и т. д. | Водолей |
| Дата издания, распространения и т.д. | 2013 |
| 215 ## - ФИЗИЧЕСКАЯ ХАРАКТЕРИСТИКА | |
| Специфическое обозначение материала и объем | 272 с. |
| 225 1# - СЕРИЯ | |
| Основное заглавие серии | Пространство перевода |
| 327 1# - ПРИМЕЧАНИЯ О СОДЕРЖАНИИ | |
| Текст примечания | Содерж.: авт.: Лоренцо Медичи, Анджело Полициано, Луиджи Пульчи |
| 600 #1 - ИМЯ ЛИЦА КАК ПРЕДМЕТ | |
| Начальный элемент ввода | Медичи |
| Часть имени, кроме начального элемента ввода | Л. |
| Даты | 1449 - 1492 |
| Расширение инициалов личного имени | Лоренцо |
| Системный номер авторитетной/нормативной записи | 905921 |
| Идентификатор авторитетной/нормативной записи | RU\NLR\AUTH\66330033 |
| 606 1# - НАИМЕНОВАНИЕ ТЕМЫ КАК ПРЕДМЕТ | |
| Наименование темы | Итальянская литература |
| Хронологический подзаголовок | 15 в. |
| Системный номер авторитетной/нормативной записи | 936575 |
| Идентификатор авторитетной/нормативной записи | RU\NLR\AUTH\6627180 |
| 686 ## - ИНДЕКСЫ ДРУГИХ КЛАССИФИКАЦИЙ | |
| Индекс | 84(4Ита)42-5я43 |
| Издание | LBC/M |
| Код системы | |
| 686 ## - ИНДЕКСЫ ДРУГИХ КЛАССИФИКАЦИЙ | |
| Индекс | 83.3(4Ита)42 |
| Издание | LBC/M |
| Код системы | |
| 686 1# - ИНДЕКСЫ ДРУГИХ КЛАССИФИКАЦИЙ | |
| Индекс | Ш6(4Ит)43-5я43{Лх1603.2-175} |
| 686 1# - ИНДЕКСЫ ДРУГИХ КЛАССИФИКАЦИЙ | |
| Индекс | Ш5(4Ит)43-3.0 |
| 686 1# - ИНДЕКСЫ ДРУГИХ КЛАССИФИКАЦИЙ | |
| Индекс | Ш5(4Ит)43-4Медичи |
| 702 #1 - ИМЯ ЛИЦА - ВТОРИЧНАЯ ОТВЕТСТВЕННОСТЬ | |
| Начальный элемент ввода | Триандафилиди |
| Часть имени, кроме начального элемента ввода | А. |
| Расширение инициалов личного имени | Александр |
| Код отношения | Переводчик |
| 702 #1 - ИМЯ ЛИЦА - ВТОРИЧНАЯ ОТВЕТСТВЕННОСТЬ | |
| Код отношения | Прочие |
| Материалы, к которым относится поле | rus |
| Графика поля | Кириллица |
| Начальный элемент ввода | Медичи |
| Часть имени, кроме начального элемента ввода | Л. |
| Даты | 1449-1492 |
| Расширение инициалов личного имени | Лоренцо |
| Идентификатор авторитетной/нормативной записи | RU\NLR\AUTH\7712777 |
| Системный номер авторитетной/нормативной записи | 122487 |
| 702 #1 - ИМЯ ЛИЦА - ВТОРИЧНАЯ ОТВЕТСТВЕННОСТЬ | |
| Код отношения | Прочие |
| Графика поля | Кириллица |
| Материалы, к которым относится поле | rus |
| Начальный элемент ввода | Полициано |
| Часть имени, кроме начального элемента ввода | А. |
| Даты | 1454-1494 |
| Расширение инициалов личного имени | Анджело |
| Системный номер авторитетной/нормативной записи | 190723 |
| Идентификатор авторитетной/нормативной записи | RU\NLR\AUTH\770190774 |
| 702 #1 - ИМЯ ЛИЦА - ВТОРИЧНАЯ ОТВЕТСТВЕННОСТЬ | |
| Начальный элемент ввода | Пульчи |
| Часть имени, кроме начального элемента ввода | Л. |
| Даты | 1432-1484 |
| Расширение инициалов личного имени | Луиджи |
| Код отношения | Прочие |
| 801 #0 - ИСТОЧНИК ЗАПИСИ | |
| Страна | Российская Федерация |
| Организация | Кировская ГУОНБ |
| Дата составления | 20130829 |
| Правила каталогизации | rcr |
| 801 #1 - ИСТОЧНИК ЗАПИСИ | |
| Страна | Российская Федерация |
| Организация | Кировская ГУОНБ |
| Дата составления | 20130829 |
| Источник данных | rusmarc |
| 801 #2 - ИСТОЧНИК ЗАПИСИ | |
| Страна | Российская Федерация |
| Организация | Кировская ГУОНБ |
| Дата составления | 20130923 |
| Источник данных | rusmarc |
| 942 ## - ДОПОЛНИТЕЛЬНЫЕ ЭЛЕМЕНТЫ ЗАПИСИ (АБИС) | |
| Тип экземпляра АБИС | Книга |
| 980 ## - КОЛЛЕКЦИЯ | |
| Название коллекции | НБР |
Нет доступных экземпляров.